000 00672 a2200193 4500
999 _c4474
_d4474
010 _aENG-86374
020 _a9780195687118
_c395.00
035 _aEN-69907
037 _bDBAD / PUB
082 1 4 _a338.954
100 _aTendulkar, Suresh D
245 1 _aUnderstanding reforms :
_cby Suresh D.Tendulkar [and]T.A. Bhavani
_bpost 1991 India /
260 _aNew Delhi
_bOxford University Press
_c2007
270 _aYMCA Library Building, Jai Singh Road
_bNew Delhi
_cNew Delhi
_e110 001
300 _axii, 206p.
_c24cm (Hb)
500 _aIncludes bibliographical references and index
700 _aBhavani, T.A.
_951774
942 _adpl
_cEN
_2ddc
_h338.954
_mTEN